00257nam a2200109Ia 4500008004100000100001200041245002900053250000800082260003200090300000700122650001800129191201s2007 xx 000 0 und d aLEXICON 0aDesign My Home By Myself aRep aN. DelhibLexicon Pubc2007 a95 aGeneral Books